Đánh giá hiệu quả sử dụng đất canh tác nông nghiệp tại huyện Củ Chi, Thành phố Hồ Chí Minh : Báo cáo tổng kết đề tài nghiên cứu khoa học cấp Trường

में बचाया:
ग्रंथसूची विवरण
मुख्य लेखक:  Lê, Bá Long
स्वरूप: पुस्तक
भाषा:Undetermined
प्रकाशित:  Đại học Công nghiệp TP. Hồ Chí Minh  2024
विषय:
टैग : टैग जोड़ें
कोई टैग नहीं, इस रिकॉर्ड को टैग करने वाले पहले व्यक्ति बनें!
Thư viện lưu trữ: Trung tâm Thư viện - Trường Đại học Công nghiệp TP. Hồ Chí Minh
LEADER 00743nam a2200157Ia 4500
001 IUH_2025_00535
008 251224s9999 xx 000 0 und d
082 |a  628 
100 |a  Lê, Bá Long 
245 0 |a  Đánh giá hiệu quả sử dụng đất canh tác nông nghiệp tại huyện Củ Chi, Thành phố Hồ Chí Minh : Báo cáo tổng kết đề tài nghiên cứu khoa học cấp Trường 
245 0 |c  Lê, Bá Long 
260 |b  Đại học Công nghiệp TP. Hồ Chí Minh 
260 |c  2024 
650 |a  Quản lý tài nguyên;  
927 |a Đề tài khoa học 
980 |a Trung tâm Thư viện - Trường Đại học Công nghiệp TP. Hồ Chí Minh